000 00333nam a22001457a 4500
008 211011b ||||| |||| 00| 0 eng d
020 _a0252013034
041 _aeng
080 _a941
082 _a941
100 _a16
101 _aSHH
245 _aThe Nibelungenlied History and Interpretation
_cHaymes,E.R
942 _2udc
_cBK
999 _c58123
_d58123